Представление документа в формате RUSMARC

ПолеНазваниеЗначение
  Тип записи a
  Библиографический уровень a
001 Контрольный номер RU/CBS_UL/BASE/ab1961e1643d4d75a87e7c71827b4ca8
005 Дата корректировки 20230625014025.6
100 Данные общей обработки __
a Данные общей обработки 20230625 ||| 0rusy0189 ca
101 Язык документа 0_
a Язык текста rus
102 Страна публикации __
a Страна публикации RU
200 Заглавие и сведения об ответственности 1_
a Заглавие Домашний SPA-салон
e Сведения, относящиеся к заглавию [об уходе за кожей в домашних условиях]
f Первые сведения об ответственности Т. Игнатенко
300 Общие примечания __
a Общие примечания 12+
461 Уровень набора _0
1 2000
a Классная девчонка
463 Уровень физической единицы _0
1 2000
a № 6
v С. 32 : фот., ил.
1 2101
d 2020
1 001RU/CBS_UL/BASE/0493b18744c94227815cdaa1dff5a6bf
606 Тематические рубрики 0_
a Основная рубрика Косметология подросткового возраста
610 Ключевые слова 0_
a Ключевые слова косметология
610 Ключевые слова 0_
a Ключевые слова косметология подросткового возраста
610 Ключевые слова 0_
a Ключевые слова SPA-процедуры
610 Ключевые слова 0_
a Ключевые слова маски для лица
610 Ключевые слова 0_
a Ключевые слова ополаскиватели для волос
610 Ключевые слова 0_
a Ключевые слова скрабы для губ
686 Индексы других классификаций __
2 Код системы rubbk
700 Автор _1
a Фамилия Игнатенко
b Имя (инициалы) Т.
801 Источник записи _0
a Страна RU
b Организация МБУК ЦБС г. Ульяновска
c Дата составления 20230625
g Правила каталогизации RCR
801 Источник записи _1
a Страна RU
b Организация МБУК ЦБС г. Ульяновска
c Дата составления 20230625
g Правила каталогизации RCR
901 Тип документа __
t Тип документа b
w Контрольный № источника RU/CBS_UL/BASE/0493b18744c94227815cdaa1dff5a6bf